=LDR 00000nam 2200000 4500 =001 NUTBA000000000002255 =005 20140610141819.0 =006 =007 =008 =020 ##$$a 978-602-8712-67-5 =035 ##$$0010-061400000000198 =082 ##$$a 369.43 =090 ##$$a 369.43 Kah p =100 ##$$a P.C. Kahono =245 ##$$a Pramuka Membentuk Karakter Generasi Muda =250 ##$$a Cet.1 =260 ##$$a Bandung $b PT.Puri Pustaka $c 2010 =300 ##$$a vi, 122 hlm $b ilus $c 23 cm =990 ##$$a 21400613/BPAP-NTB/20142014 =990 ##$$a 0001/BPAP-NTB/20142014 =990 ##$$a 0001/BPAP-NTB/20142014 =990 ##$$a 0001/BPAP-NTB/20142015 =990 ##$$a 0001/BPAP-NTB/20142015